| 000 | nam a22 7a 4500 | ||
|---|---|---|---|
| 999 |
_c29886 _d29886 |
||
| 008 | 181008b xxu||||| |||| 00| 0 eng d | ||
| 020 | _a978083400426 | ||
| 050 | _aREF BS 535 .H65 1978 | ||
| 100 | _aHoly Bible | ||
| 245 |
_aThe Holy Bible/ _bContaining the Old and new Testaments |
||
| 260 |
_aUSA: _bNational publishing company, _c1978. |
||
| 300 |
_a1217p. : _c20 cm |
||
| 650 | _aBible | ||
| 942 |
_2lcc _cREF_BOOK _hREF BS 535 .H65 1978 |
||